000 01377cam a2200217 4500
001 WB3706-02
008 000000n2001 000 0 eng u
035 _a(Sirsi) u110837
245 _aConstruction contract: adjudication
260 _c2001
490 _aEstates Gazette Case Summaries
_v[2001] EGCS 9 (03/02/01)
520 _a"ABB Zantingh Ltd v Zedal Building Services Ltd" T&CC 12 December 2000. The claimant (A) entered into a contract with the defendant (B) for installation of electricity generators at printing sites. The contract did not include express agreement for adjudication. When disputes occurred, B applied for an adjudicator under the Housing Grants Construction and Regeneration Act 1996. A challenged this, claiming its contracts with B were not construction contracts under the exception contained in the Housing Grants Construction and Regeneration Act 1996 s105(2). Held, claim dismissed.
590 _aWB
650 _aHOUSING GRANTS CONSTRUCTION AND REGENERATION ACT 1996
650 _aMANAGEMENT-DISPUTE AVOIDANCE, MANAGEMENT AND RESOLUTION-DISPUTE MANAGEMENT AND RESOLUTION-ALTERNATIVE DISPUTE RESOLUTION-ADJUDICATION
650 _aBUILT ENVIRONMENT-BUILDING CONTRACT FORMS
650 _aA B B ZANTINGH LTD V ZEDAL BUILDING SERVICES LTD
650 _aPOWER GENERATION
690 _aBUILDING AND CONSTRUCTION-CASE LAW
942 _n0
999 _c66076
_d66076